00441nam a2200169Ia 4500003000400000008004100004040001600045082001500061100001800076245005400094700001900148260005300167300001000220650001200230650001600242650001300258GCL140319s9999 xx 000 0 eng d aGCL / cGCL04a519.5bS S1 aSHUKLA, M. C.10aSTATISTIES: THEORY AND PRACTICE / cSHUKLA, M. C.1 aGULSHAN, S. S. a[S.N] : bS. CHAND & COMPANY (PVT) LTD ، c1994 a870 P04aSTATICS04aMATHEMATICS04aTHEORIES